| 000 -LEADER |
| fixed length control field |
00586nam a22001817a 4500 |
| 008 - FIXED-LENGTH DATA ELEMENTS--GENERAL INFORMATION |
| fixed length control field |
151201b xxu||||| |||| 00| 0 eng d |
| 020 ## - INTERNATIONAL STANDARD BOOK NUMBER |
| International Standard Book Number |
0471321737 |
| 041 0# - LANGUAGE CODE |
| Language code of text/sound track or separate title |
eng |
| 080 ## - UNIVERSAL DECIMAL CLASSIFICATION NUMBER |
| Universal Decimal Classification number |
614.71 |
| 100 1# - Rafti |
| Rafti |
Botkin, Daniel B. |
| 245 10 - TITLE STATEMENT |
| Title |
Environmental science : |
| Statement of responsibility, etc |
Daniel B. Botkin, Edward A. Keller, with assistance from Dorothy B. Rosenthal ... [et al.]. |
| 250 ## - |
| -- |
3rd ed. |
| 260 ## - |
| -- |
New York : |
| -- |
J. Wiley, |
| -- |
c2000. |
| 300 ## - |
| -- |
1 v. (various pagings) : |
| -- |
col. ill. ; |
| -- |
29 cm. |
| 650 #0 - |
| -- |
Mjedisi |
| 700 1# - |
| -- |
Keller, Edward A., |
| 942 ## - ADDED ENTRY ELEMENTS (KOHA) |
| Source of classification or shelving scheme |
|
| Item type |
Books |